000 00207nam a22000857a 4500
008 170113b xxu||||| |||| 00| 0 eng d
100 _92408
_aPurang.Y.P.
245 _aScience-CCE-X
260 _aNew Delhi
_bAPC
_c2010
999 _c5441
_d5441